000 01230cam a2200181 4500500
005 20260322001726.0
041 _afre
042 _adc
100 1 0 _aRivollet, Sophie
_eauthor
700 1 0 _aFasse, Léonor
_eauthor
700 1 0 _aDauchy, Sarah
_eauthor
245 0 0 _aImportancia de la atención psicológica tras el cáncer infantil: El ejemplo de la « clínica de seguimiento a largo plazo »
260 _c2026.
500 _a15
520 _aPresentamos una reflexión basada en una revisión bibliográfica y en nuestra experiencia clínica sobre los retos psicológicos relacionados con la supervivencia tras haber recibido tratamiento por un cáncer durante la infancia. La propuesta de un seguimiento «desfasado» del tiempo oncológico favorecería la elaboración a posteriori y el trabajo narrativo en torno a la experiencia pasada. La consulta psicológica es una oportunidad para acompañar la (re)actualización de la incidencia subjetiva de la enfermedad grave durante la infancia, que no siempre es expresable ni visible.
786 0 _nCorps & Psychisme | 86 | 1 | 2026-01-26 | p. 167-180
856 4 1 _uhttps://shs.cairn.info/revista-corps-psychisme-2025-1-page-167?lang=es&redirect-ssocas=7080
999 _c1717295
_d1717295